Study of intermolecular interaction of systems with significant contribution of relativistic effects

Gespeichert in:
Bibliographische Detailangaben
1. Verfasser: Bučinský, Lukáš
Format: Buch
Sprache:Englisch
Veröffentlicht: Bratislava STU FCHPT 2009
Online-Zugang:Im OPAC anzeigen
Tags: Tag hinzufügen
Keine Tags, Fügen Sie das erste Tag hinzu!

MARC

LEADER 00000nam a2200000 a 4500
005 20260127134054.0
008 110127 2009 xo 000 0 eng d
035 |a vtls010206867 
039 9 |y 201101271227  |z mschk03 
040 |a STUSCHK1  |b slo  |c STUSCHK1  |e AACR2 
100 1 |a Bučinský, Lukáš 
245 1 |a Study of intermolecular interaction of systems with significant contribution of relativistic effects  |c Lukáš Bučinský 
260 |a Bratislava  |b STU FCHPT  |c 2009 
300 |a 136 s.  |b il.  |c 30 cm 
500 |a Dizertačná práca 
500 |a Obháj.: 30.9. 2009 
500 |a Študijný odbor: 4.1.21 teoretická a počítačová chémia 
500 |a Fakulta chemickej a potravinárskej technológie, Odd. chemickej fyziky 
910 |a SCHK95 
999 |c 3422  |d 3422